قاهر القطب الجنوبي : (Record no. 14657)
[ view plain ]
| 000 -الفاتح | |
|---|---|
| حقل البيانات ثابتة الطول | 01362nam a2200277 i 4500 |
| 003 - محدد رقم الضبط | |
| رقم الضبط | EG-ScBUE |
| 005 - وقت وتاريخ اخر تعامل مع التسجيلة | |
| رقم الضبط | 20231008095644.0 |
| 008 - عناصر البيانات ثابتة الطول - معلومات عامة | |
| حقل البيانات ثابتة الطول | 100812s1960 u f 000 0 ara.dd |
| 040 ## - مصدر الفهرسة | |
| وكالة الفهرسة الأصلية | EG-ScBUE |
| لغة الفهرسة | ara |
| قواعد الوصف | rda |
| وكالة النسخ | EG-ScBUE |
| وكالة التعديل | EG-ScBUE |
| 082 04 - رقم تصنيف ديوى العشرى | |
| رقم الطبعة | 22 |
| رقم التصنيف | 919.9 |
| رقم المادة | ب ي ر |
| 100 1# - المدخل الرئيسى - إسم شخصى | |
| 9 (RLIN) | 17467 |
| الإسم الشخصى | بيرد, ريتشارد، |
| الدور | مؤلف. |
| 245 10 - بيان العنوان | |
| العنوان | قاهر القطب الجنوبي : |
| بقية العنوان | رحلة الأميرال ريتشارد بيرد / |
| بيان المسئوليه,etc | تأليف ريتشارد بيرد ؛ ترجمة محمد مصطفى هدارة ؛ تقديم فؤاد صروف. |
| 264 #1 - النشر، التوزيع | |
| مكان الناشر او الموزع | القاهرة : |
| اسم الناشر او الموزع | مؤسسة الخانجي، |
| تاريخ النشر أو التوزيع | 1960. |
| 300 ## - الوصف المادى | |
| التعداد | 261 صفحة ؛ |
| أبعاد الوعاء | 25 سم |
| 336 ## - نوع المحتوى | |
| source | rdacontent |
| Carrier Type Term | نص |
| Content Type Code | txt |
| 337 ## - نوع الوسيط | |
| source | rdamedia |
| Media Type Term | بدون وسيط |
| Media Type Code | n |
| 338 ## - نوع الحامل أو الناقل | |
| source | rdacarrier |
| Carrier Type Term | مجلد |
| Carrier Type Code | nc |
| 500 ## - تبصرة عامة | |
| تبصرة عامة | نشر هذا الكتاب بالإشتراك مع مؤسسة فرانكلين للطباعة والنشر القاهرة - نيويورك |
| 546 ## - تبصرة اللغة | |
| تبصرة اللغة | النص باللغة العربية وتم ترجمته من اللغة الإنجليزية. |
| 650 #7 - المدخل الاضافى بالموضوع-مصطلح موضوعى | |
| 9 (RLIN) | 17470 |
| مصطلح موضوعي أو اسم جغرافي كعنصر مدخل | القطب الجنوبي |
| التقسيم الفرعي العام | إكتشاف. |
| مصدر الرأس أو المصطلح | BUEsh |
| 650 #7 - المدخل الاضافى بالموضوع-مصطلح موضوعى | |
| 9 (RLIN) | 17471 |
| مصطلح موضوعي أو اسم جغرافي كعنصر مدخل | القطب الجنوبي |
| التقسيم الفرعي العام | وصف ورحلات. |
| مصدر الرأس أو المصطلح | BUEsh |
| 655 ## - مصطلح تكشيفى-نوع/شكل | |
| التقسيم الفرعي الشكلي | Reading book |
| 700 1# - المدخل الاضافى - اسم شخصى | |
| 9 (RLIN) | 14943 |
| الإسم الشخصى | هدارة، محمد مصطفى، |
| العنوان والكلمات الأخرى المصاحبة للاسم | مترجم. |
| 700 1# - المدخل الاضافى - اسم شخصى | |
| 9 (RLIN) | 17473 |
| الإسم الشخصى | صروف، فؤاد، |
| العنوان والكلمات الأخرى المصاحبة للاسم | مقدم. |
| 942 ## - عناصر المدخل الإضافي( كوها) | |
| مصدر التصنيف او مخطط الترفيف | Dewey Decimal Classification |
| Koha [default] item type | Book - Borrowing |
| حالة التراجع | حالة الفقد | مصدر التصنيف او خطة الترفيف | حالة تلف | ليس للاعارة | مجموعات كوها | المكان الدائم | المكان الحالي | موقع الترفيف | تاريخ الاكتساب | Source of acquisition | رقم الاستدعاء | الباركود | Date last seen | نوع الوعاء |
|---|---|---|---|---|---|---|---|---|---|---|---|---|---|---|
| Dewey Decimal Classification | Alef-Baa | Central Library | Central Library | Second Floor | 12/08/2010 | Purchase | 919.9 ب ي ر | 000025119 | 18/08/2021 | Book - Borrowing |